Climate change and forest diseases (Record no. 55631)

MARC details
000 -LEADER
fixed length control field 00489nam a2200181Ia 4500
100 ## - MAIN ENTRY--AUTHOR NAME
Personal name Sturrock R N
245 #0 - TITLE STATEMENT
Title Climate change and forest diseases
260 ## - PUBLICATION, DISTRIBUTION, ETC. (IMPRINT)
Name of publisher Plant Pathology
Year of publication 2011
300 ## - PHYSICAL DESCRIPTION
Number of Pages 133-149
650 ## - SUBJECT ADDED ENTRY--TOPICAL TERM
Topical Term Forest management
650 ## - SUBJECT ADDED ENTRY--TOPICAL TERM
Topical Term Forest pathogens
650 ## - SUBJECT ADDED ENTRY--TOPICAL TERM
Topical Term Plant disease management
650 ## - SUBJECT ADDED ENTRY--TOPICAL TERM
Topical Term Plant pathogens
650 ## - SUBJECT ADDED ENTRY--TOPICAL TERM
Topical Term Sudden aspen decline
650 ## - SUBJECT ADDED ENTRY--TOPICAL TERM
Topical Term Yello-cedar decline
942 ## - ADDED ENTRY ELEMENTS (KOHA)
Koha item type Journals
Holdings
Withdrawn status Lost status Damaged status Not for loan Home library Current library Shelving location Date acquired Serial Enumeration / chronology Koha item type
      Journals RRII Library RRII Library Climate change 04/10/2011 Volume 60, Issue 1 Journals